Alessandri: evocaciones y resonancias

Salvato in:
Dettagli Bibliografici
Natura: Libro
Lingua:spagnolo
Pubblicazione: Santiago Empresa Letras 1932
Soggetti:
Tags: Aggiungi Tag
Nessun Tag, puoi essere il primo ad aggiungerne!!

MARC

LEADER 00000nam a2200000 a 4500
001 UCY0856
003 CL-VaPUC
008 940813e19320000CL |||||||||||||||||spa|d
082 0 4 |a 923.1  |b ALE  |2 21 
245 1 0 |a Alessandri: evocaciones y resonancias 
300 |a 104 p 
942 |c BK 
945 |d 19940813 00:00:00  |a aalvarez 
260 |a Santiago  |b Empresa Letras  |c 1932 
600 0 |a Alessandri Palma, Arturo  |9 268143 
650 7 |a PRESIDENTES BIOGRAFIAS  |2 CL-VaPUC  |9 315198 
651 7 |a CHILE  |2 CL-VaPUC  |9 328701 
583 |a last modification  |c 19940813 00:00:00  |k Rodrigo Vera 
999 |c 229751  |d 229749 
952 |0 0  |1 0  |4 0  |6 923_100000000000000_ALE_1932  |7 0  |8 X  |9 231280  |a BIBHIS  |b BIBHIS  |d 2019-11-15  |i 3007154  |o 923.1 ALE 1932  |p 3007154  |r 2024-01-30  |w 2019-11-15  |y BK_X  |k HIS